Pleadings, Drafting and Conveyancing/ (Record no. 1715600)

MARC details
000 -LEADER
fixed length control field 00815nam a22002777a 4500
005 - DATE AND TIME OF LATEST TRANSACTION
control field 20260317113811.0
008 - FIXED-LENGTH DATA ELEMENTS--GENERAL INFORMATION
fixed length control field 260317b |||||||| |||| 00| 0 eng d
020 ## - INTERNATIONAL STANDARD BOOK NUMBER
International Standard Book Number 9788119107360
037 ## - SOURCE OF ACQUISITION
Terms of availability TB
040 ## - CATALOGING SOURCE
Original cataloging agency LCT
Transcribing agency LCT
041 ## - LANGUAGE CODE
Source of code eng
Language code of text/sound track or separate title eng
Language code of original eng
084 ## - COLON CLASSIFICATION NUMBER
Classification number Z2,7,410j98:1 P4;R4
100 ## - MAIN ENTRY--PERSONAL NAME
Personal name Myneni, S R
245 ## - TITLE STATEMENT
Title Pleadings, Drafting and Conveyancing/
250 ## - EDITION STATEMENT
Edition statement 2nd edition
260 ## - PUBLICATION, DISTRIBUTION, ETC.
Place of publication, distribution, etc. hyderabad, India:
Name of publisher, distributor, etc. Asia Law House,
Date of publication, distribution, etc. 2024
300 ## - PHYSICAL DESCRIPTION
Extent xlix, 695p.
365 ## - TRADE PRICE
Price amount 990
Currency code INR
650 ## - SUBJECT ADDED ENTRY--TOPICAL TERM
Topical term or geographic name entry element Pleadings
9 (RLIN) 684556
650 ## - SUBJECT ADDED ENTRY--TOPICAL TERM
Topical term or geographic name entry element Drafting
9 (RLIN) 703021
650 ## - SUBJECT ADDED ENTRY--TOPICAL TERM
Topical term or geographic name entry element Conveyancing
9 (RLIN) 684594
650 ## - SUBJECT ADDED ENTRY--TOPICAL TERM
Topical term or geographic name entry element Law
650 ## - SUBJECT ADDED ENTRY--TOPICAL TERM
Topical term or geographic name entry element New Criminal Major Acts, 2023
9 (RLIN) 1132281
650 ## - SUBJECT ADDED ENTRY--TOPICAL TERM
Topical term or geographic name entry element Drafting of legal documents
9 (RLIN) 1132282
942 ## - ADDED ENTRY ELEMENTS (KOHA)
Source of classification or shelving scheme Colon Classification (CC)
Koha item type Textbook
Classification part Z2,7,410j98:1 P4;R4
Suppress in OPAC No
Holdings
Withdrawn status Lost status Source of classification or shelving scheme Damaged status Not for loan Collection Home library Current library Shelving location Date acquired Source of acquisition Cost, normal purchase price Inventory number Total Checkouts Full call number Barcode Date last seen Price effective from Koha item type
    Colon Classification (CC)     Non-fiction Law Centre-II Library Law Centre-II Library General Stacks 2025-12-20 Bookwell Publication 990.00 801/20.12.2025   Z2,7,410j98:1 P4;R4 LT0029461 2026-03-17 2026-03-17 Textbook
    Colon Classification (CC)     Non-fiction Law Centre-II Library Law Centre-II Library General Stacks 2025-12-20 Bookwell Publication 990.00 801/20.12.2025   Z2,7,410j98:1 P4;R4 LT0029462 2026-03-17 2026-03-17 Textbook
Copyright @ Delhi University Library System